00537nam a2200181 a 45000010010000000030011000100080041000210350026000620820014000881000025001022450029001272600048001566500013002049420012002179520091002299980020003209990015003400000-8755ELIB.Books110520 2002  a(ELIB.Books)0000-8901 a230 bShi aShimary, Shimreingam aTheology of Human Rights bMalow: Parkataki and Company Private c2002 aTheology 2ddccBK 00102ddc4070aKBTSbKBTSd2011-05-20l0p10799r2022-01-22 00:00:00w2022-01-22yBK cbate2011-05-20 c8755d8755